000 00286nam a22001337a 4500
008 181030b xxu||||| |||| 00| 0 eng d
020 _a9780880483896
041 _aeng
080 _a615
100 _a6
101 _aFAR
245 _aPsychofarmacology
_cAllan.S
942 _2udc
_cBK
999 _c51078
_d51078